| 000 | 00903cam a22002897a 4500 | ||
|---|---|---|---|
| 003 | CHAP | ||
| 005 | 20220329135401.0 | ||
| 008 | 971013s1972 r 00010 d | ||
| 010 | _a35439 | ||
| 011 | _a36411 | ||
| 035 | _a40530 | ||
| 040 | _cCHAP | ||
| 090 | _aFolleto 12308 | ||
| 100 | 0 | 0 |
_aPáez, Gilberto. _989347 |
| 245 | 1 | 3 | _aEl sistema CIDIA para generar Kwic |
| 260 |
_aTurrialba, C. R. : _bIICA, _c1972 |
||
| 300 | _a24 p. | ||
| 590 |
_aBATCH-UPD _b10 _c20130110 _lUCH01 _h2201 |
||
| 590 |
_aBATCH-UPD _b10 _c20130410 _lUCH01 _h1508 |
||
| 590 |
_aBATCH-UPD _b10 _c20130914 _lUCH01 _h0237 |
||
| 590 |
_aCONVERSION _b10 _c20130109 _lUCH01 _h1320 |
||
| 650 | 1 | 4 |
_aAlmacenamiento y recuperación de la información. _94462 |
| 710 | 0 |
_aInstituto Interamericano de Ciencias Agrícolas de la OEA. _959209 |
|
| 901 | _aBK | ||
| 942 | _cFOLL | ||
| 949 |
_aFolleto 12308 _bBC _cFOLL _d-92586 _eTS1 _i40530 _si |
||
| 999 |
_c35439 _d35439 |
||